LDR 00963naa#a2200181#i#450# 001 RU\\bibl\19492 005 20260516041639.6 100 ## _a20260515b2026####ek#y0rusy0150####ca 102 ## _aRU 200 1# _aИЗУЧЕНИЕ ТЕХНОЛОГИЧЕСКИХ СХЕМ ВЫРАЩИВАНИЯ МИКРОКЛОНАЛЬНО РАЗМНОЖЕННОГО ПОСАДОЧНОГО МАТЕРИАЛА ВЫСОКОПРОДУКТИВНЫХ ФОРМ ОСИНЫ _eСтатья/тезисы конференции 210 1# _aВоронеж _cВоронежский государственный лесотехнический университет имени Г.Ф. Морозова _d2026 215 ## _a7 с. 608 ## _aСтатья/тезисы конференции _2local 675 ## _aЛесное хозяйство. Лесоводство. 630 _z 700 #1 _aКулагин _gД. В. 700 #1 _aОсипенко _gН. В. 700 #1 _aОстрикова _gМ. Я. 856 4# _abibl.vgltu.ru _u